Spokojnosť, dôvera a lojalita v procesoch nákupného rozhodovania dizertačná práca

Saved in:
Bibliographic Details
Main Author: Mesárošová, Katarína
Corporate Author: Obchodná fakulta EU. Katedra marketingu
Other Authors: Lesáková, Dagmar, 1949-
Format: Book
Language:Slovak
Published: Bratislava 2019
Subjects:
Tags: Add Tag
No Tags, Be the first to tag this record!

MARC

LEADER 00000nbm a2200000 4500
001 0257851
005 20230302102610.4
041 0 |a slo 
044 |a SK 
245 1 0 |a Spokojnosť, dôvera a lojalita v procesoch nákupného rozhodovania  |b dizertačná práca  |c Katarína Mesárošová ; školiteľ: Dagmar Lesáková 
264 1 |a Bratislava  |c 2019 
300 |a 148 s. 
610 2 0 |a rozhodovanie nákupné 
610 2 0 |a ukazovatele 
610 2 0 |a spokojnosť zákazníkov 
610 2 0 |a lojálnosť zákazníkov 
610 2 0 |a maloobchod 
610 2 0 |a dôvera 
100 1 |a Mesárošová, Katarína 
700 1 |a Lesáková, Dagmar, 1949- 
710 2 |a Obchodná fakulta EU. Katedra marketingu